000
00251nam a2200097Ia 4500
001
727223
005
20250826163444.0
008
250824s9999 xx 000 0 und d
245
0
_a
KURNAZ KAPLUMBAĞA
_c
ANONİM TÜRK MASALLARI
260
_b
GİZEMLİ BAHÇE
999
_c
727223
_d
727223